| 000 | 00553nam a2200205Ia 4500 | ||
|---|---|---|---|
| 001 | 12345 | ||
| 003 | GE_BSU | ||
| 008 | 181216s||||||||xx |||||||||||||| ||und|| | ||
| 040 | _cGE_BSU | ||
| 080 | _a634.92 | ||
| 100 | _aЯблоков,А.С | ||
| 245 | _aСелекция древесных пород | ||
| 245 | _cРед.Е.Д.Казакова | ||
| 260 | _aМосква | ||
| 260 | _bСельхозгиздат | ||
| 260 | _c1962 | ||
| 300 | _a487стр.илл.21см. | ||
| 653 | _aСелекция древесных пород | ||
| 942 | _cBK | ||
| 999 |
_c45520 _d45520 |
||